000
00322nam a22001337a 4500
008
181009b xxu||||| |||| 00| 0 eng d
020
_a
9780130418425
041
_a
eng
080
_2
4th
_a
540
100
_a
12
101
_a
KIM
245
_a
Fundamentals of General,Organic, and Biological
_c
Murry,J.M
942
_2
udc
_c
BK
999
_c
49109
_d
49109